七大洲地图测试 - Statistics

General Stats
  • This quiz has been taken 911 times
  • The average score is 6 of 7
Answers on the Map
Answers color-coded by a green-red scale on the quiz's map according to % correct below.
 
Answer Stats
Answer % Correct
亚洲
92%
北美洲
91%
欧洲
87%
大洋洲(澳洲)
85%
南极洲
85%
非洲
82%
南美洲
76%
No matching quizzes found
Score Distribution
Percent of People with Each Score
Percentile by Number Answered
Your Score History
You have not taken this quiz